000 01389nam a2200349 i 4500
003 EG-GICUC
005 20260121101213.0
008 251112b1971 ua ||||f |||| 00| 0 ara d
040 _a EG-GICUC
_c EG-GICUC
_d EG-GICUC
_erda
_bara
041 _aara
082 0 4 _221
_a345.2505699
_bص ب . ن
092 0 4 _221
099 _aLaw1 07 345.2505699 ص ب . ن 1971
100 0 _aصبحي محرم
_eمؤلف.
245 1 0 _aنظام الحكم المحلي في إسرائيل /
_cتعريب وإعداد صبحي محرم.
264 1 _aالقاهرة :
_bجامعة الدول العربية - المنظمة العربية للعلوم الإدارية، مركز البحوث الإدارية،
_c1971.
300 _a52 صفحة ؛
_c24 سم.
336 _2rda content
_atext
337 _2rda media
_aComputer
338 _2rda carrier
_aOnline Resource
490 _v67
504 _aيشتمل على ارجاعات ببليوجرافية.
504 _aببليوجرافيا : صفحة 52
546 _aالنص باللغة العربية مترجم من الانجليزية
650 1 4 _aالحكم المحلي
650 1 7 _aالإدارة المحلية
_2qrmak
650 1 7 _2qrmak
_aالقانون الإداري
651 1 4 _aإسرائيل
856 4 0 _uhttps://fll.law.cu.edu.eg/fulltext/bks/B07-00239.pdf
905 _a73
_eEman
942 _2ddc
_n0
_cBK
_e21
999 _c42802
_d42802